| 000 | 01005nam a22002775a 4500 | ||
|---|---|---|---|
| 005 | 20201128024242.0 | ||
| 008 | 180219t2017 my a frb 001 0 eng d | ||
| 020 | _a9789671463680 | ||
| 040 |
_aEG-ScBUE _beng _cEG-ScBUE _dEG-ScBUE |
||
| 082 | 0 | 4 |
_a658.0072 _bKUM _222 |
| 100 | 1 | _aKumar, Mukesh. | |
| 245 | 1 | 0 |
_aBusiness research methods / _cMukesh Kumar, Salim Abdul Talib, T. Ramayah. |
| 260 |
_aSelanger Darul Ehsan : _bOxford Publishing (Malaysia), _cc.2017. |
||
| 300 |
_axvii, 422 p. : _bill. ; _c24 cm. |
||
| 500 | _aIncludes access code to access the student resource for this title. | ||
| 504 | _aIncludes bibliographical references and index. | ||
| 650 | 7 |
_aManagement _xResearch _xMethodology. _2BUEsh _939908 |
|
| 650 | 7 |
_aBusiness _xResearch _xMethodology. _2BUEsh _91465 |
|
| 651 | _2BUEsh | ||
| 653 |
_bBUSADM _cFebruary2018 _cApril2018 |
||
| 655 |
_vText book _933728 |
||
| 700 | 1 | _aTalib, Salim Abdul. | |
| 700 | 1 | _aRamayah, T. | |
| 856 | 4 | 0 | _ucw.oxfordfajar.com.my/redeem |
| 942 | _2ddc | ||
| 999 |
_c26151 _d26123 |
||